Володимир Вернадський (Запис № 344781)

МАРК-запис
000 -Лідер
fixed length control field 00635nam a22002417a 4500
003 - Ідентифікатор контрольного номера
control field UA-OsUOA
001 - Контрольний номер
control field 58790
007 - Фіксоване поле фізичного опису
fixed length control field ta
008 - Елементи даних фіксованої довжини – загальна інформація
fixed length control field 20090225b un ||||| |||| 00| 0 ukr d
090 ## - Локальний шифр розміщення
Класифікаційний індекс УДК 929: 502
Авторський знак (НП) К78
040 ## - Джерело каталогізації
Агенція оригінальної каталогізації UA-OsUOA
Мова каталогізації ukr
Агенція, яка здійснювала перезапис UA-OsUOA
Агенція, яка здійснювала модифікацію UA-OsUOA
041 ## - Код мови
Код мови тексту/ звукової доріжки чи окремого заголовка (П) ukr
080 ## - Індекс Універсальної десяткової класифікації
Індекс Універсальної десяткової класифікації (УДК) (НП) 929: 502
020 ## - Міжнародний стандартний книжковий номер (ISBN)
Міжнародний стандартний книжковий номер (ISBN) (НП) 966-8968-04-2
100 ## - Основне введення – ім’я особи
Ім’я особи (НП) Кратко Мирослав
245 ## - Відомості про назву
Назва (НП) Володимир Вернадський
260 ## - Публікація, розповсюдження і т.п. (Вихідні дані)
Місце публікації, розповсюдження і т.п. (П) К.
Ім’я/ наймення видавництва, розповсюджувача і т.п. (П) АтлантЮЕмСі
Дата публікації, розповсюдження і т.п. (П) 2007
300 ## - Фізичний опис
Обсяг 63 с.
650 #7 - Додаткове предметне введення – тематичний термін
Тематичний термін чи географічна назва, як елемент введення (НП) 9 Географія. Біографії. Історія
Джерело заголовка чи терміна UDC
942 ## - Додаткові елементи входу (Коха)
Тип елемента Koha Книги
955 ## - Код типу видання за змістом
Код типу видання за змістом (НП) Науково-популярні видання
Фонди
Стан вилучень Стан втрат Джерело класифікації або схеми стелажів Стан уражень Не для кредиту Постійне місце розташування Поточне розміщення Дата придбання Джерело придбання Вартість, звичайна ціна покупки Інвентарний номер Усього замовленно Повний номер виклику Штрих-код Дата останнього перегляду Ціна ефективна від Тип елемента Koha
    Universal Decimal Classification     АБ - Абонемент НБ АБ - Абонемент НБ 25/02/2009 25/2009 12.00 119705   929: 502 К78 119705 19/01/2022 25/02/2009 Книги
    Universal Decimal Classification     АБ - Абонемент НБ АБ - Абонемент НБ 25/02/2009 25/2009 12.00 119706   929: 502 К78 119706 19/01/2022 25/02/2009 Книги
    Universal Decimal Classification     АБ - Абонемент НБ АБ - Абонемент НБ 25/02/2009 25/2009 12.00 119707   929: 502 К78 119707 19/01/2022 25/02/2009 Книги
    Universal Decimal Classification     АБ - Абонемент НБ АБ - Абонемент НБ 25/02/2009 25/2009 12.00 119708   929: 502 К78 119708 19/01/2022 25/02/2009 Книги
    Universal Decimal Classification     АБ - Абонемент НБ АБ - Абонемент НБ 25/02/2009 25/2009 12.00 119709   929: 502 К78 119709 19/01/2022 25/02/2009 Книги
    Universal Decimal Classification     АБ - Абонемент НБ АБ - Абонемент НБ 25/02/2009 25/2009 12.00 119710   929: 502 К78 119710 19/01/2022 25/02/2009 Книги
    Universal Decimal Classification     ЧЗ - Читальна зала ЧЗ - Читальна зала 25/02/2009 25/2009 12.00 119702   929: 502 К78 119702 07/02/2022 25/02/2009 Книги
    Universal Decimal Classification     ЧЗ - Читальна зала ЧЗ - Читальна зала 25/02/2009 25/2009 12.00 119703   929: 502 К78 119703 07/02/2022 25/02/2009 Книги
    Universal Decimal Classification     ЧЗ - Читальна зала ЧЗ - Читальна зала 25/02/2009 25/2009 12.00 119704   929: 502 К78 119704 07/02/2022 25/02/2009 Книги